Racionalizácia konštrukčných sústav v bytovej výstavbe a jej ekonomický dopad záverečná práca postgraduálneho štúdia

Guardado en:
Detalles Bibliográficos
Autor principal: Šovčík, Dušan
Autor Corporativo: Vysoká škola ekonomická v Bratislave
Otros Autores: Kulka, Pavol
Formato: Libro
Lenguaje:eslovaco
Publicado: Bratislava 1987
Etiquetas: Agregar Etiqueta
Sin Etiquetas, Sea el primero en etiquetar este registro!

MARC

LEADER 00000nam a2200000 4500
001 c024039
005 20221219095052.4
041 0 |a slo 
044 |a SK 
245 1 0 |a Racionalizácia konštrukčných sústav v bytovej výstavbe a jej ekonomický dopad  |b záverečná práca postgraduálneho štúdia  |c Dušan Šovčík ; Ved. práce Pavol Kulka 
264 1 |a Bratislava  |c 1987 
300 |a 61 s. 
100 1 |a Šovčík, Dušan 
700 1 |a Kulka, Pavol 
710 2 |a Vysoká škola ekonomická v Bratislave